Filosofías de la educación : paidea /

Contenido: I. Estatuto de la filosofía de la educación: 1. Introducción epistemológica; 2. Filosofía de la educación. II. Educación como estructura: 3. Indefinición biológica; 4. La civilización; 5. Educación liberadora. III. Educación como contenido: 6. Clasificaciones antropológicas; 7-14. Pedagog...

Бүрэн тодорхойлолт

-д хадгалсан:
Номзүйн дэлгэрэнгүй
Үндсэн зохиолч: Fullat, Octavi (autor)
Формат: Ном
Хэл сонгох:испани
Хэвлэсэн: Barcelona, España : CEAC, 2000, c1992
Цуврал:(Educación y Enseñanza. Universitaria)
Нөхцлүүд:
Шошгууд: Шошго нэмэх
Шошго байхгүй, Энэхүү баримтыг шошголох эхний хүн болох!

MARC

LEADER 00000nam^a2200000^a^4500
001 000267509
005 20250521000000.0
009 20260310110823.983
020 |a 84-329-9233-X 
037 |a Acervo Xavier Clavigero 
041 |a ESP 
082 |a 370. 12  |b FUL 
100 |a Fullat, Octavi  |e (autor) 
240 1 1 |a [Filosofías de la educación] 
245 1 0 |a Filosofías de la educación :  |b paidea /  |c O. Fullat. 
264 4 |a Barcelona, España :  |b CEAC,  |c 2000, c1992 
300 |a 316 p. 
336 |a texto  |b txt  |2 rdacontenido 
337 |a sin mediación  |b n  |2 rdamedio 
338 |a volumen  |b nc  |2 rdasoporte 
440 1 |a (Educación y Enseñanza.  |p Universitaria) 
520 |a Contenido: I. Estatuto de la filosofía de la educación: 1. Introducción epistemológica; 2. Filosofía de la educación. II. Educación como estructura: 3. Indefinición biológica; 4. La civilización; 5. Educación liberadora. III. Educación como contenido: 6. Clasificaciones antropológicas; 7-14. Pedagogía tradicional, marxista, libertaria, antiautoritaria, activa, tecnológica, existencialista y personalista. 
649 |a XX 
650 |a Epistemología de la Educación 
650 |a Antropología Educativa 
650 |a Filosofía de la Educación -  |x Tema Principal 
650 |a Educación -  |x Teoría 
910 |a Fondo General 
920 |a Impresos - Libros 
930 |a Colección General 
905 |a 101 
901 |a 0500151228  |b IT1  |c ACC  |u 20250521 
902 |a https://opac.biblio.iteso.mx/vufind/Record/000267509